Dictionary of international trade

Bibliographic Details
Other Authors: Hinkelman, Edward G. (Editor)
Format: Book
Language:English
Published: California : World Trade Press 1994
Subjects:

MARC

LEADER 00000cam a2200000 7i4500
001 0000005911
005 20240930.0
008 240709 caub eng
020 |a 0963186485 (paperback) 
040 |a INS   |b eng   |e rda 
090 0 0 |a RHF1373   |b .D53 1994 
245 0 0 |a Dictionary of international trade   |c Edward G. Hinkelman, editor 
264 1 |a California :   |b World Trade Press   |c 1994 
300 |a 279 pages :   |b illustrations, maps ;   |c 23 cm. 
336 |a text  |2 rdacontent 
337 |a unmediated  |2 rdamedia 
338 |a volume  |2 rdacarrier 
650 0 |a International trade   |x Dictionaries 
651 0 |a United States   |x Commerce   |x Dictionaries 
700 1 |a Hinkelman, Edward G. ,   |e editor 
999 |a 0000006499   |b BOOK   |c Red Spot   |e Default branch